000 02129nam a2200349 a 4500
001 000013004
003 DO-SdBNP
005 20180306141557.0
007 000013004
008 091123s 2001 dr abc 000 0 spa d
020 _a8482613545
040 _aBPMSU
_bspa
_cBPMSU
092 _a372.61
_bL566
100 1 _aGarcía Cartagena, Manuel
245 1 0 _aLengua y literatura 1 :
_beducación media /
_cManuel García de Escobar ; dirección editorial Obdulia García de Escobar ; ilustración Ruddy Núñez.
260 _aSanto Domingo :
_bSantillana,
_c2001.
300 _a279 p. :
_bil., mapas., retrs. ;
_c28 cm.
490 1 _aUmbral
500 _aPrimero de bachillerato. 1er. curso/ Primer ciclo
500 _aEdición anotada para el profesor
505 1 _tProcedimientos y prácticas de producción textual --
_t Análisis y estudio de la comunicación --
_tEstudio de la lengua --
_t Literatura dominicana (siglo XVI-XIX) conectada con literatura española (siglos XIII-XIX).
505 1 _tLa mecánica narrativa --
_tLa mecánica expositiva --
_tCuenta con tus amigos y amigas --
_tNuestro universo americano --
_tNuestro tesoro: la salud --
_tProyecto 1. Tras los pasos de Don Quijote --
_tMecánica argumentativa --
_tLa mecánica prescriptiva --
_tEl valor de la vida --
_tLa alegría del trabajo --
_tVivamos a ciencia cierta --
_tLa mecánica persuasiva --
_tLa mecánica descriptiva --
_tEl arte de ser dominicanos --
_tCreando, creemos; creyendo, creamos... --
_tJuntos vivamos mejor --
_tProyecto 2. Una lengua viva: el español en República Dominicana --
_tLa mecánica del párrafo --
_tLa mecánica del comentario --
_tConstruyamos nuestro futuro trabajando --
_tLa Salud no es cosa de juego --
_tEl mundo cabe en tu corazón --
700 1 2 _aGarcía de Escobar, Obdulia de,
_eed.
700 1 2 _aNúñez, Ruddy,
_eil.
830 0 _aUmbral
930 1 _lBND01
_mLF1
_820091123
_f01
_pCT
_g8136
942 _2ddc
_cBK
956 _aJPARRA
_b10
_c20091123
_lBND01
_h1157
956 _aBTAVAREZ
_b10
_c20100817
_lBND01
_h1112
956 _aVMATEO
_b10
_c20150730
_lBPMSU
_h00151
956 _aLOPEREZ
_b10
_c20160425
_lBPMSU
_h00041
999 _c9978
_d9978